| 000 | 00552pam a2200181 a 4500 | ||
|---|---|---|---|
| 001 | 3804431 | ||
| 005 | 20250128124053.0 | ||
| 008 | 850313s1985 tnua b 000 0 eng | ||
| 020 |
_a0805431136 (pbk.) : _c$8.95 |
||
| 050 | 0 | 0 |
_aBV652 _b.T53 1985 |
| 082 | 0 | 0 |
_a254 _219 |
| 100 | 1 | _aTidwell, Charles A. | |
| 245 | 1 | 0 |
_aChurch administration : _beffective leadership for ministry / _cCharles A. Tidwell. |
| 260 |
_aNashville, Tenn. : _bBroadman Press, _cc1985. |
||
| 300 |
_a256 p. : _bill. ; _c23 cm. |
||
| 650 | 0 | _aChurch management. | |
| 942 |
_2lcc _cBK _n0 |
||
| 999 |
_c3147 _d3147 |
||